000
00303nam a2200133Ia 4500
008
231129s1977||||xx |||||||||||||| ||spa||
040
_b
spa
082
_a
I823 W453d
100
_a
Wells Herbert Georg.
245
0
_a
Doce historias y un sueno
260
_c
1977
264
_a
Aguilar
942
_2
ddc
_c
BKS
999
_c
9711
_d
9711